00349nam a2200145Ia 4500008004100000020001800041041000800059082001500067100001200082245005300094260002000147300000800167365001600175700001200191230718s9999 xx 000 0 und d a9789351107811 aeng a006.6bKIR aKirk A. aData Visualization bA Successful Design Process c2014bPackt/SPD a189 cRs.b400.00 aKirk A.